01171nab a22002057a 4500003000400000005001700004008004100021040000700062100003000069245012200099260007300221300001300294500003500307505032000342505008100662650001800743650002600761650002900787773014900816OSt20260218115653.0190429b xxu||||| |||| 00| 0 spa d cPJ aPalacín, Guido Adrián13aLa vaguedad del lenguaje y las exhibiciones obscenas en el Código Penal de la Nación /cGuido Adrián Palacín. cCiudad Autónoma de Buenos Aires :aThomson Reuters La Ley, b2024. ap. 23-28 aCita: TR LALEY AR/DOC/164/2024 aSumario: I. Introducción.— II. La figura de exhibiciones obscenas en el Cód. Penal.— III. La vaguedad del lenguaje y la ley penal.— IV. Tipos de vaguedad y el término obsceno del Cód. Penal.— V. Ambigüedad y constitucionalidad.— VI. Conclusión.— VII. Bibliografía.— VIII. Jurisprudencia. tSi te interesa el texto completo, solicitalo a koha@justierradelfuego.gov.ar 0aDERECHO PENAL 0aEXHIBICIONES OBSCENAS 0aINTERPRETACION DE LA LEY0 02658tRevista de derecho penal y criminología. Nº 7 - Julio 2024dCiudad Autónoma de Buenos Aires : Thomson Reuters La Ley, 2017-x00347914